[Event "Africa-ch Blitz"]
[Site "Casablanca"]
[Date "2019.08.28"]
[Round "6.15"]
[White "Kamara, Ansumana"]
[Black "Winston Gerald, Mansfield Thomas"]
[Result "0-1"]
[WhiteElo "2033"]
[BlackElo "1872"]
[PlyCount "67"]
[EventDate "2019.08.28"]
[EventType "swiss (blitz)"]
[EventRounds "9"]
[EventCountry "MAR"]
[SourceTitle "EXT 2024"]
[Source "ChessBase"]
[SourceDate "2023.10.10"]
[SourceVersion "1"]
[SourceVersionDate "2023.10.10"]
[SourceQuality "1"]

1. e4 d6 2. d4 c6 3. c4 Qc7 4. f4 Nd7 5. Nc3 e5 6. fxe5 dxe5 7. d5 Bb4 8. Nf3 Ngf6 9. Bd3 0-0 10. 0-0 Nc5 11. Bc2 Bxc3 12. bxc3 Ncxe4 13. Qd3 h6 14. Ba3 Re8 15. Rae1 cxd5 16. cxd5 Qb6+ 17. Kh1 Nf2+ 18. Rxf2 Qxf2 19. Rf1 Qb6 20. d6 e4 21. Qd2 exf3 22. Rxf3 Bg4 23. Rf4 Re2 24. Qd3 Re1+ 25. Rf1 Rae8 26. h3 Rxf1+ 27. Qxf1 Bd7 28. Kh2 Qe3 29. Bb4 Qe2 30. Qc1 Bc6 31. Qg1 Qxc2 32. a3 Re2 33. d7 Nxd7 34. Qd1 0-1

[Event "Africa-ch Blitz"]
[Site "Casablanca"]
[Date "2019.08.28"]
[Round "5.23"]
[White "Winston Gerald, Mansfield Thomas"]
[Black "Kouya, Tyeoulou Bernardin"]
[Result "1-0"]
[WhiteElo "1872"]
[BlackElo "1734"]
[PlyCount "55"]
[EventDate "2019.08.28"]
[EventType "swiss (blitz)"]
[EventRounds "9"]
[EventCountry "MAR"]
[SourceTitle "EXT 2024"]
[Source "ChessBase"]
[SourceDate "2023.10.10"]
[SourceVersion "1"]
[SourceVersionDate "2023.10.10"]
[SourceQuality "1"]

1. d4 d5 2. Nf3 Nf6 3. c4 c6 4. Nc3 e6 5. e3 Bd6 6. Qc2 0-0 7. Bd3 Nbd7 8. 0-0 b6 9. a3 Bb7 10. Rd1 Rc8 11. Qe2 Bb8 12. h3 Qc7 13. e4 dxe4 14. Nxe4 Nxe4 15. Bxe4 Nf6 16. Bd3 c5 17. dxc5 bxc5 18. Be3 Rfd8 19. Bc2 Ne4 20. Rxd8+ Rxd8 21. Rd1 Rxd1+ 22. Qxd1 f5 23. Kf1 h6 24. Qe2 f4 25. Bc1 Ng5 26. Nxg5 hxg5 27. Qh5 Qe5 28. Qe8# 1-0

[Event "Africa-ch Blitz"]
[Site "Casablanca"]
[Date "2019.08.28"]
[Round "8.14"]
[White "Zaibi, Amir"]
[Black "Winston Gerald, Mansfield Thomas"]
[Result "1-0"]
[WhiteElo "2233"]
[BlackElo "1872"]
[PlyCount "61"]
[EventDate "2019.08.28"]
[EventType "swiss (blitz)"]
[EventRounds "9"]
[EventCountry "MAR"]
[SourceTitle "EXT 2024"]
[Source "ChessBase"]
[SourceDate "2023.10.10"]
[SourceVersion "1"]
[SourceVersionDate "2023.10.10"]
[SourceQuality "1"]

1. c4 c6 2. e4 d6 3. Nc3 Qc7 4. d4 e6 5. g3 e5 6. Nge2 Bg4 7. Bg2 Nd7 8. h3 Bh5 9. 0-0 Ngf6 10. Be3 Be7 11. Qc2 0-0 12. Rae1 h6 13. f4 Bxe2 14. Rxe2 a6 15. Ref2 Nh5 16. Kh2 b5 17. cxb5 axb5 18. Nd5 Qd8 19. Qxc6 Rxa2 20. Qxb5 Nhf6 21. dxe5 dxe5 22. fxe5 Nxe5 23. Nxe7+ Qxe7 24. Bd4 Ned7 25. e5 Nh7 26. Bd5 Raa8 27. Rxf7 Rxf7 28. Rxf7 Qxf7 29. Bxf7+ Kxf7 30. Qxd7+ Kg6 31. Qc6+ 1-0